000
00290nam a2200109Ia 4500
001
1264704
005
20260417141947.0
008
260417s9999 xx 000 0 und d
020
_a
9786051859453
245
0
_a
Boğaziçi Yalıları
_c
Abdülhak Şinasi Hisar
260
_b
Everest Yayınları
999
_c
1264704
_d
1264704